Wszystkie stacje metra M1 w Warszawie - Statystyki

Ogólne statystyki
  • Ten quiz został rozwiązany 61 razy
  • Średni wynik to 16 z 21
Statystyki odpowiedzi
Hint Odpowiedź % Poprawnych
21. Kabaty
91%
1. Młociny
91%
9. Świętokrzyska
91%
10. Centrum
85%
5. Marymont
85%
11. Politechnika
85%
6. Plac Wilsona
83%
12. Pole Mokotowskie
83%
7. Dworzec Gdański
81%
8. Ratusz Arsenał
81%
3. Stare Bielany
80%
19. Imielin
76%
13. Racławicka
74%
2. Wawrzyszew
74%
14. Wierzbno
74%
20. Natolin
70%
17. Ursynów
70%
15. Wilanowska
70%
4. Słodowiec
69%
16,. Służew
67%
18. Stokłosy
59%
Nie znaleziono quizów pasujących do podanych kryteriów
Rozkład punktacji
Procent ludzi z każdym wynikiem
Percentyl według liczby udzielonych odpowiedzi
Twoja historia wyników
Nie rozwiązałeś tego quizu